| 000 | 00370nam a2200145Ia 4500 | ||
|---|---|---|---|
| 008 | 230312s9999||||xx |||||||||||||| ||und|| | ||
| 020 | _a0-12-646890-7 | ||
| 082 |
_a625.1351 _bSIO-A |
||
| 100 | _aSiouris;George.M | ||
| 245 | 0 | _aAerospace Avionics Systems | |
| 260 |
_bAacademic Press Inc _aUK _c1993 |
||
| 300 | _a466 | ||
| 650 |
_aEngineering _vAvionics |
||
| 942 | _cBK | ||
| 999 |
_c10725 _d10725 |
||